000 00667nam a22001937a 4500
005 20240108153400.0
010 _aENG-138834
020 _a978-93-91399-33-7
_c700.00
035 _aEN-122366
037 _bDBAD/PUB
082 _a370.118
100 _aSJ, Francis P. Xavier
_960760
245 _aSeeing Everything New Insights on Education/
_cFrancis P. Xavier SJ
260 _aBengaluru
_bATC Publishers
_c2022
270 _aSt Mary's Block, Archdiocesan Pastoral Center No. 5, Nandi Durga Road, Benson Town,
_bBengaluru
_k7090100444
_minfo@atcpublishers.com
300 _a646p.
_c21cm(pbk)
700 _960332
942 _2ddc
_cEN
_h370.118
_mSJF
999 _c200034
_d200034